[Event "SVK-chT2A 1718"]
[Site "Slovakia"]
[Date "2018.02.04"]
[Round "7.6"]
[White "Keresztes, Mark"]
[Black "Petreje, Juraj"]
[Result "1-0"]
[WhiteElo "1992"]
[BlackElo "1926"]
[PlyCount "79"]
[EventDate "2017.10.28"]
[EventType "team-tourn"]
[EventRounds "11"]
[EventCountry "SVK"]
[SourceTitle "EXT 2019"]
[Source "ChessBase"]
[SourceDate "2018.10.10"]
[SourceVersion "1"]
[SourceVersionDate "2018.10.10"]
[SourceQuality "1"]
[WhiteTeam "Potonska Veza"]
[BlackTeam "Krasnany"]
[WhiteTeamCountry "SVK"]
[BlackTeamCountry "SVK"]

1. c4 Nf6 2. Nc3 g6 3. e4 d6 4. g3 Bg7 5. Bg2 0-0 6. Nge2 c5 7. 0-0 Nc6 8. h3 Nd7 9. d3 a6 10. f4 e6 11. Rb1 Rb8 12. Be3 Nd4 13. b4 b6 14. bxc5 bxc5 15. Qa4 Qc7 16. g4 Rxb1 17. Rxb1 Nb8 18. Bxd4 cxd4 19. Nd1 Bd7 20. Qa3 Rd8 21. Nf2 Qc5 22. Qxc5 dxc5 23. e5 Bf8 24. Rb6 Ba4 25. Ng3 Bd7 26. Nge4 Kg7 27. Nf6 Ba4 28. g5 h5 29. gxh6+ Kxh6 30. Rb7 Kg7 31. Rc7 Nd7 32. N2g4 Nxf6 33. exf6+ Kg8 34. Ne5 Be8 35. Ra7 Rb8 36. Rxa6 Rb1+ 37. Kh2 Bh6 38. Kg3 g5 39. Ra8 gxf4+ 40. Kf3 1-0

[Event "SVK-chT2A 1516"]
[Site "Slovakia"]
[Date "2016.01.24"]
[Round "7.5"]
[White "Polacik, Igor"]
[Black "Petreje, Juraj"]
[Result "1-0"]
[WhiteElo "2131"]
[BlackElo "2070"]
[PlyCount "49"]
[EventDate "2015.10.17"]
[EventType "team-tourn"]
[EventRounds "11"]
[EventCountry "SVK"]
[SourceTitle "CBM 170 Extra"]
[Source "ChessBase"]
[SourceDate "2016.02.25"]
[SourceVersion "1"]
[SourceVersionDate "2016.02.25"]
[SourceQuality "1"]
[WhiteTeam "Bratislava Doprastav II"]
[BlackTeam "Krasnany"]
[WhiteTeamCountry "SVK"]
[BlackTeamCountry "SVK"]

1. e4 d6 2. c4 g6 3. d4 Bg7 4. Nc3 Nd7 5. Bg5 c6 6. Qd2 Qc7 7. Be2 a6 8. Nf3 e5 9. dxe5 dxe5 10. 0-0 Nc5 11. Be3 Ne6 12. Na4 Nf6 13. Qc2 Nd7 14. c5 0-0 15. Rfd1 Re8 16. Rac1 Rb8 17. Bc4 Ndf8 18. b4 Qe7 19. Nb6 Bd7 20. Bb3 Rbd8 21. Nc4 Rb8 22. Nfxe5 Bc8 23. Nf3 Rd8 24. Rxd8 Nxd8 25. Bf4 1-0

[Event "SVK-chT2A 1516"]
[Site "Slovakia"]
[Date "2015.12.06"]
[Round "6.4"]
[White "Kalmar, Tamas"]
[Black "Petreje, Juraj"]
[Result "1-0"]
[WhiteElo "2008"]
[BlackElo "2070"]
[PlyCount "121"]
[EventDate "2015.10.17"]
[EventType "team-tourn"]
[EventRounds "11"]
[EventCountry "SVK"]
[SourceTitle "CBM 169 Extra"]
[Source "ChessBase"]
[SourceDate "2015.12.18"]
[SourceVersion "1"]
[SourceVersionDate "2015.12.18"]
[SourceQuality "1"]
[WhiteTeam "Velky Meder"]
[BlackTeam "Krasnany"]
[WhiteTeamCountry "SVK"]
[BlackTeamCountry "SVK"]

1. d4 Nf6 2. c4 g6 3. Nc3 Bg7 4. e4 d6 5. f3 Nc6 6. Be3 e5 7. Nge2 0-0 8. Qd2 Ne8 9. d5 Ne7 10. Nc1 f5 11. Be2 Nf6 12. Nd3 Rf7 13. c5 Kh8 14. b4 Neg8 15. Bg5 Qf8 16. Rf1 Bd7 17. Be3 fxe4 18. fxe4 Bg4 19. a4 Bxe2 20. Qxe2 Bh6 21. h3 Qe7 22. g4 Bxe3 23. Qxe3 Kg7 24. Ke2 a6 25. Rf2 Raf8 26. Raf1 Ne8 27. Rxf7+ Rxf7 28. Rxf7+ Qxf7 29. Qf3 Qe7 30. Qf2 Nh6 31. Nb2 Qg5 32. Qe3 Kf6 33. Nc4 Nf7 34. Kf3 h5 35. Qxg5+ Kxg5 36. gxh5 gxh5 37. Kg3 h4+ 38. Kf3 Kh5 39. Na5 Nd8 40. c6 b6 41. Nc4 Nf7 42. a5 bxa5 43. bxa5 Nf6 44. Ke3 Kg6 45. Kf3 Ng5+ 46. Ke3 Nxh3 47. Nxd6 Ng5 48. Nf5 h3 49. d6 h2 50. Ng3 Ne6 51. d7 Kg5 52. Nd5 Ng4+ 53. Kf3 Nd4+ 54. Kg2 Nxc6 55. Nxc7 Kf6 56. Nf5 Kf7 57. Nxa6 Nf6 58. Nb8 Nxd7 59. Nxc6 Nc5 60. Nb4 Kf6 61. a6 1-0

[Event "SVK-chT2A 1415"]
[Site "Slovakia"]
[Date "2014.12.07"]
[Round "6.5"]
[White "Petreje, Juraj"]
[Black "Sahidi, Samir"]
[Result "1-0"]
[WhiteElo "2060"]
[BlackElo "2026"]
[PlyCount "111"]
[EventDate "2014.10.11"]
[EventType "team-tourn"]
[EventRounds "11"]
[EventCountry "SVK"]
[SourceTitle "EXT 2016"]
[Source "ChessBase"]
[SourceDate "2015.10.08"]
[SourceVersion "1"]
[SourceVersionDate "2015.10.08"]
[SourceQuality "1"]
[WhiteTeam "Bratislava Krasnany"]
[BlackTeam "Bratislava KSN"]
[WhiteTeamCountry "SVK"]
[BlackTeamCountry "SVK"]

1. d4 Nf6 2. Nf3 g6 3. g3 Bg7 4. Bg2 0-0 5. 0-0 d6 6. c4 Nbd7 7. Nc3 c6 8. Qc2 e5 9. dxe5 dxe5 10. b3 Qc7 11. Ba3 Re8 12. Rad1 Bf8 13. Bxf8 Nxf8 14. Qc1 Kg7 15. Qb2 Bg4 16. h3 Bxf3 17. Bxf3 Ne6 18. Bg2 Nd7 19. Rd2 f5 20. Rfd1 Nf6 21. e3 Rad8 22. b4 Rxd2 23. Rxd2 Rd8 24. Nb1 Rxd2 25. Nxd2 Kf7 26. c5 Ke7 27. Nc4 Nd7 28. Qa3 a6 29. Qd3 Ng5 30. f4 Nf7 31. Qc3 Qb8 32. a4 Qc7 33. Kh2 h5 34. Qd2 Nf6 35. Kg1 e4 36. Bf1 g5 37. Qd4 h4 38. Nd6 Qd7 39. Bc4 Nd5 40. Bxd5 cxd5 41. Qxd5 Nxd6 42. Qe5+ Kf7 43. cxd6 gxf4 44. gxf4 Qc8 45. Qe7+ Kg6 46. Qc7 Qg8 47. d7 Kh5+ 48. Kf1 Qg3 49. d8Q Qxh3+ 50. Ke2 Qf3+ 51. Kd2 Qf2+ 52. Kd1 Kg4 53. Qd2 Qf1+ 54. Kc2 Kh3 55. Qe5 Qc4+ 56. Kb2 1-0

[Event "SVK-chT1W 0203"]
[Site "Slovakia"]
[Date "2003.02.08"]
[Round "8.1"]
[White "Cvicela, Anton"]
[Black "Petreje, Juraj"]
[Result "0-1"]
[WhiteElo "2182"]
[BlackElo "2180"]
[PlyCount "73"]
[EventDate "2002.10.12"]
[EventType "team-tourn"]
[EventRounds "11"]
[EventCountry "SVK"]
[SourceTitle "EXT 2005"]
[Source "ChessBase"]
[SourceDate "2004.11.15"]
[SourceVersion "1"]
[SourceVersionDate "2004.11.15"]
[SourceQuality "1"]
[WhiteTeam "Hlohovec"]
[BlackTeam "Bratislava Krasnany"]
[WhiteTeamCountry "SVK"]
[BlackTeamCountry "SVK"]

1. e4 c5 2. Nf3 Nc6 3. d4 cxd4 4. Nxd4 Nf6 5. Nc3 Qc7 6. Be3 e6 7. Be2 a6 8. a3 b5 9. 0-0 Bb7 10. Nxc6 Bxc6 11. Bf3 Rc8 12. Re1 Bd6 13. g3 0-0 14. Qd3 Ne8 15. Bg2 Be7 16. Rad1 d6 17. f4 Nf6 18. Qe2 Nd7 19. Bd4 Ba8 20. Rd2 Nb6 21. Qg4 e5 22. Bxb6 Qxb6+ 23. Kh1 Rc5 24. f5 Rfc8 25. Rf1 Qd8 26. Rdf2 f6 27. Qd1 Qe8 28. g4 a5 29. Qd3 Bc6 30. Ra1 Qf7 31. Nd5 Bxd5 32. exd5 Qe8 33. Be4 Bd8 34. c3 Bb6 35. Rg2 Kh8 36. g5 Rc4 37. Qf3 0-1

[Event "SVK-chT1W 0203"]
[Site "Slovakia"]
[Date "2002.12.01"]
[Round "6.2"]
[White "Petreje, Juraj"]
[Black "Dorica, Igor"]
[Result "1/2-1/2"]
[WhiteElo "2180"]
[BlackElo "2298"]
[PlyCount "46"]
[EventDate "2002.10.12"]
[EventType "team-tourn"]
[EventRounds "11"]
[EventCountry "SVK"]
[SourceTitle "EXT 2005"]
[Source "ChessBase"]
[SourceDate "2004.11.15"]
[SourceVersion "1"]
[SourceVersionDate "2004.11.15"]
[SourceQuality "1"]
[WhiteTeam "Bratislava Krasnany"]
[BlackTeam "Bratislava DP "]
[WhiteTeamCountry "SVK"]
[BlackTeamCountry "SVK"]

1. d4 d5 2. Nf3 Nf6 3. Bf4 Nbd7 4. e3 e6 5. Nbd2 Be7 6. h3 0-0 7. Be2 c5 8. c3 b6 9. 0-0 Bb7 10. Rc1 a6 11. Ne5 b5 12. a4 c4 13. b3 Nxe5 14. Bxe5 Bc6 15. axb5 axb5 16. Ra1 Qd7 17. Qc2 Ra7 18. Qb2 Rfa8 19. Bf3 h6 20. Rxa7 Rxa7 21. Ra1 Rxa1+ 22. Qxa1 Qc8 23. bxc4 dxc4 1/2-1/2

[Event "SVK-chT1W 0203"]
[Site "Slovakia"]
[Date "2002.10.13"]
[Round "2.2"]
[White "Horak, Ivan"]
[Black "Petreje, Juraj"]
[Result "0-1"]
[WhiteElo "2198"]
[BlackElo "2180"]
[PlyCount "86"]
[EventDate "2002.10.12"]
[EventType "team-tourn"]
[EventRounds "11"]
[EventCountry "SVK"]
[SourceTitle "EXT 2005"]
[Source "ChessBase"]
[SourceDate "2004.11.15"]
[SourceVersion "1"]
[SourceVersionDate "2004.11.15"]
[SourceQuality "1"]
[WhiteTeam "Holic"]
[BlackTeam "Bratislava Krasnany"]
[WhiteTeamCountry "SVK"]
[BlackTeamCountry "SVK"]

1. e4 c5 2. Nc3 e6 3. f4 Qc7 4. g3 Nc6 5. Bg2 a6 6. Nf3 Be7 7. 0-0 d6 8. d3 Nf6 9. a4 0-0 10. Kh1 Rb8 11. Qe1 b5 12. axb5 axb5 13. Be3 d5 14. Bg1 Rd8 15. e5 Nd7 16. g4 Nb6 17. Nxb5 Qd7 18. Nc3 d4 19. Ne4 Nd5 20. Qc1 Ncb4 21. b3 Bb7 22. f5 f6 23. exf6 Nxf6 24. Nfg5 exf5 25. gxf5 Ra8 26. Rxa8 Rxa8 27. Nxf6+ Bxf6 28. Ne4 Ra2 29. Qf4 Bxe4 30. dxe4 Qe8 31. c3 dxc3 32. Bxc5 Nd3 33. Qd6 Nxc5 34. Qxc5 h6 35. Qc4+ Kh8 36. b4 Rb2 37. e5 Qxe5 38. Ra1 Kh7 39. Qg4 Bg5 40. Qf3 c2 41. f6 Rb1+ 42. Bf1 Qxf6 43. Qd3+ Qg6 0-1

[Event "SVK-chT2W 0102"]
[Site "Slovakia"]
[Date "2001.11.17"]
[Round "3.2"]
[White "Petreje, Juraj"]
[Black "Meszaros, Michal"]
[Result "0-1"]
[WhiteElo "2181"]
[BlackElo "252"]
[PlyCount "68"]
[EventDate "2001.10.??"]
[EventType "team"]
[EventRounds "11"]
[EventCountry "SVK"]
[SourceTitle "EXT 2006"]
[Source "ChessBase"]
[SourceDate "2005.11.24"]
[SourceVersion "1"]
[SourceVersionDate "2005.11.24"]
[SourceQuality "1"]

1. e4 c5 2. Nf3 d6 3. Bc4 Nf6 4. d3 Nc6 5. 0-0 g6 6. h3 Bg7 7. Nc3 0-0 8. a3 a6 9. Be3 b5 10. Ba2 e5 11. Qd2 Nd4 12. Ne1 Nh5 13. Nd5 Ne6 14. Nf3 f5 15. Bh6 f4 16. Bxg7 Kxg7 17. c3 Ng5 18. Qe2 Ra7 19. d4 Nxf3+ 20. Qxf3 Qh4 21. dxe5 dxe5 22. Nb6 Bb7 23. Rad1 Nf6 24. Bd5 h5 25. Bxb7 Rxb7 26. Nd5 Nh7 27. c4 b4 28. axb4 cxb4 29. c5 Ng5 30. Qd3 f3 31. g3 Qxh3 32. Ne3 h4 33. Qd5 Re7 34. g4 Rf4 0-1

[Event "SVK-chT 0102"]
[Site "Slovakia"]
[Date "2001.??.??"]
[Round "3"]
[White "Macak, Stefan"]
[Black "Petreje, Juraj"]
[Result "1-0"]
[WhiteElo "2240"]
[BlackElo "2180"]
[PlyCount "91"]
[EventDate "2001.10.??"]
[EventType "team"]
[EventRounds "11"]
[EventCountry "SVK"]
[SourceTitle "CBM 085 Extra"]
[Source "ChessBase"]
[SourceDate "2002.01.21"]
[SourceVersion "1"]
[SourceVersionDate "2002.01.21"]
[SourceQuality "1"]

1. e4 c5 2. Nf3 Nc6 3. d4 cxd4 4. Nxd4 e5 5. Nb5 a6 6. Nd6+ Bxd6 7. Qxd6 Qf6 8. Qd2 Qg6 9. Nc3 Nge7 10. f3 0-0 11. Bc4 Kh8 12. 0-0 b5 13. Bb3 f5 14. Qg5 fxe4 15. Qxg6 Nxg6 16. Nxe4 Nd4 17. Rd1 d5 18. Bxd5 Nxc2 19. Bxa8 Nxa1 20. Be3 Be6 21. Bb7 Nc2 22. Bc5 Rb8 23. Bxa6 Bxa2 24. Nd6 b4 25. Nc8 Nd4 26. Ba7 Ra8 27. Bb7 Rxa7 28. Nxa7 Kg8 29. Nc6 Bb3 30. Rd2 Bd5 31. Nxd4 Bxb7 32. Nc2 b3 33. Rd8+ Kf7 34. Rd7+ Ke6 35. Rxb7 bxc2 36. Rc7 Nf4 37. Rxc2 Kd6 38. Kf1 h5 39. g3 Ne6 40. Kf2 Kd5 41. b4 Nd4 42. Rc8 g5 43. Ke3 g4 44. fxg4 hxg4 45. Rc5+ Kd6 46. Rc4 1-0

[Event "Parthenay Evaluacion"]
[Site "Parthenay"]
[Date "2000.07.13"]
[Round "8"]
[White "Saada, Julien"]
[Black "Petreje, Juraj"]
[Result "0-1"]
[WhiteElo "2001"]
[BlackElo "2174"]
[PlyCount "74"]
[EventDate "2000.07.08"]
[EventType "schev"]
[EventRounds "10"]
[EventCountry "FRA"]
[SourceTitle "EXT 2001"]
[Source "ChessBase"]
[SourceDate "2000.11.22"]
[SourceVersion "1"]
[SourceVersionDate "2000.11.22"]
[SourceQuality "1"]

1. d4 g6 2. Nf3 Bg7 3. g3 c5 4. c3 cxd4 5. cxd4 Nf6 6. Bg2 0-0 7. 0-0 d6 8. Nc3 Nbd7 9. e4 Qa5 10. h3 h6 11. Be3 Nb6 12. Nd2 Be6 13. d5 Bd7 14. Nb3 Qa6 15. f4 Nc4 16. Bc1 Rfc8 17. Rf3 Qb6+ 18. Kh2 Nh7 19. Bf1 a5 20. Bxc4 Rxc4 21. Be3 Qd8 22. e5 dxe5 23. fxe5 Bxe5 24. Bxh6 Rh4 25. Qd2 Rxh3+ 26. Kg2 Rh5 27. Ne4 Bh3+ 28. Kg1 Bg4 29. Rd3 Bf5 30. Re1 Bxe4 31. Rxe4 Nf6 32. Re2 Ng4 33. Bf4 Qb6+ 34. Kg2 Qf6 35. Bxe5 Nxe5 36. Rf2 Qh8 37. Re3 Rh2+ 0-1

[Event "Parthenay Evaluacion"]
[Site "Parthenay"]
[Date "2000.07.10"]
[Round "3"]
[White "Petreje, Juraj"]
[Black "Laurent, Julien G"]
[Result "1-0"]
[WhiteElo "2174"]
[BlackElo "2114"]
[PlyCount "77"]
[EventDate "2000.07.08"]
[EventType "schev"]
[EventRounds "10"]
[EventCountry "FRA"]
[SourceTitle "EXT 2001"]
[Source "ChessBase"]
[SourceDate "2000.11.22"]
[SourceVersion "1"]
[SourceVersionDate "2000.11.22"]
[SourceQuality "1"]

1. d4 Nf6 2. Nf3 e6 3. Bg5 Be7 4. e3 b6 5. Nbd2 Bb7 6. Bd3 0-0 7. Qe2 d6 8. e4 d5 9. e5 Nfd7 10. Bxe7 Qxe7 11. h4 f5 12. exf6 gxf6 13. 0-0-0 Nc6 14. Rde1 e5 15. dxe5 Ndxe5 16. Bb5 Qd6 17. Nxe5 Nxe5 18. f4 Ng6 19. g3 c6 20. Bd3 Rf7 21. Bf5 Nf8 22. h5 Rg7 23. h6 Rc7 24. Qg4+ Kh8 25. Rh2 Bc8 26. Rhe2 Bxf5 27. Qxf5 Rf7 28. Nf3 Qc7 29. Re7 Rxe7 30. Qxf6+ Rg7 31. Nd4 Qf7 32. hxg7+ Qxg7 33. Qxg7+ Kxg7 34. Nxc6 Kf6 35. Nd4 Rd8 36. Re5 Ng6 37. Rg5 Ke7 38. Rh5 Kf8 39. Ne6+ 1-0